Statistics for Just Dance 1-2024 Song Quiz (Part 1)

Click here to take the quiz!

General Stats

  • This quiz has been taken 41 times
  • The average score is 99 of 500

Answer Stats

HintAnswer% Correct
Katy PerryJUST DANCE 1Hot N Cold
71%
LLP ft. Mike DiamondzJUST DANCE 2019Fire
58%
Britney SpearsJUST DANCE 2Toxic
54%
Katy PerryJUST DANCE 2 DLCFirework
50%
Britney Spears (The Girly Team)JUST DANCE 3Baby One More Time
46%
AnittaJUST DANCE 2017Bang
46%
Katy Perry ft. Juicy J.JUST DANCE 2015Dark Horse
46%
Pharrell WilliamsJUST DANCE 2015Happy
46%
Disney's FrozenJUST DANCE 2015Let It Go
46%
Nicki MinajJUST DANCE 2014Starships
46%
Calvin HarrisJUST DANCE 1Acceptable in the 80's
42%
Reggaeton StormJUST DANCE 3Boom
42%
Katy Perry ft. Snoop DoggJUST DANCE 3California Gurls
42%
Kylie MinogueJUST DANCE 1Can't Get You Out of My Head
42%
JusticeJUST DANCE 2D.A.N.C.E.
42%
PSYJUST DANCE 4 DLCGangnam Style
42%
Avril LavigneJUST DANCE 2Girlfriend
42%
RihannaJUST DANCE 2S.O.S.
42%
Calvin HarrisJUST DANCE 2015Summer
42%
Ke$ha ft. PitbullJUST DANCE 2014 DLCTimber
42%
Spice GirlsJUST DANCE 1Wannabe
42%
Martin GarrixJUST DANCE 2016Animals
38%
Jessie J., Ariana Grande, & Nicki MinajJUST DANCE 2015Bang Bang
38%
Aqua (Countdown Dee's Hit Explosion)JUST DANCE 2 DLCBarbie Girl
38%
Divine BrownJUST DANCE 1Bebe
38%
Lady GagaJUST DANCE 2016Born This Way
38%
BlondieJUST DANCE 2Call Me
38%
Ke$haJUST DANCE 2014C'mon
38%
Beyonce (ft. Jay-Z)JUST DANCE 2Crazy in Love
38%
GorillazJUST DANCE 1DARE
38%
Taio CruzJUST DANCE 3Dynamite
38%
Irene CaraJUST DANCE 1Fame
38%
Iggy Azalea ft. Charli XCXJUST DANCE 2016Fancy
38%
Daft Punk ft. Pharrell WillamsJUST DANCE 2014Get Lucky
38%
Icona Pop ft. Charli XCXJUST DANCE 2015I Love It
38%
Gloria GaynorJUST DANCE 2014I Will Survive
38%
Lady Gaga ft. Colby O'DonisJUST DANCE 2014Just Dance
38%
Maroon 5 ft. Christina AguileraJUST DANCE 4Moves Like Jagger
38%
LMFAO ft. Lauren Bennett & GoonrockJUST DANCE 3Party Rock Anthem
38%
Ariana Grande ft. Iggy Azalea & Big SeanJUST DANCE 2015Problem
38%
Boney M.JUST DANCE 2Rasputin
38%
Katy PerryJUST DANCE 2014 DLCRoar
38%
Ke$haJUST DANCE 2TikTok
38%
Britney SpearsJUST DANCE 1Womanizer
38%
Elvis PresleyJUST DANCE 1A Little Less Conversation
33%
Meghan TrainorJUST DANCE 2016All About That Bass
33%
Lady GagaJUST DANCE 2015Bad Romance
33%
Katy PerryJUST DANCE 2015Birthday
33%
Ariana Grande ft. ZeddJUST DANCE 2015 DLCBreak Free
33%
Carly Rae JepsenJUST DANCE 4Call Me Maybe
33%
George MichaelJUST DANCE 2014Careless Whisper
33%
Sia ft. Sean PaulJUST DANCE 2017Cheap Thrills
33%
PSY ft. CL of 2NE1JUST DANCE 2017Daddy
33%
Daft PunkJUST DANCE 3Da Funk
33%
RihannaJUST DANCE 2015Diamonds
33%
RihannaJUST DANCE 4Disturbia
33%
SurvivorJUST DANCE 1Eye of the Tiger
33%
Pitbull ft. Chris BrownJUST DANCE 2016Fun
33%
Cyndi LauperJUST DANCE 1Girls Just Wanna Have Fun
33%
OutkastJUST DANCE 2Hey Ya!
33%
MadonnaJUST DANCE 2Holiday
33%
Kim WildeJUST DANCE 1Kids in America
33%
ChicJUST DANCE 1Le Freak
33%
MikaJUST DANCE 3Lollipop
33%
Rick AstleyJUST DANCE 4Never Gonna Give You Up
33%
Britney SpearsJUST DANCE 4Oops! I Did It Again
33%
Katy PerryJUST DANCE 4 DLCPart of Me
33%
Jessie J. ft. B.O.B.JUST DANCE 3Price Tag
33%
The Black Eyed PeasJUST DANCE 3Pump It
33%
Ed SheeranJUST DANCE 2018Shape of You
33%
Nicki MinajJUST DANCE 4Superbass
33%
A-HaJUST DANCE 3Take On Me
33%
RihannaJUST DANCE 4 DLCUmbrella
33%
Mark Ronson ft. Bruno MarsJUST DANCE 2016Uptown Funk
33%
Avicii ft. Aloe BlaccJUST DANCE 2014 DLCWake Me Up
33%
Lady GagaJUST DANCE 2014Applause
29%
Las KetchupJUST DANCE 4Asereje
29%
BIGBANGJUST DANCE 2019Bang Bang Bang
29%
Beyonce and ShakiraJUST DANCE 3Beautiful Liar
29%
One DirectionJUST DANCE 2015Best Song Ever
29%
Iggy Azalea ft. Rita OraJUST DANCE 2015Black Widow
29%
Robin Thicke ft. Pharrell WilliamsJUST DANCE 2014Blurred Lines
29%
Charli XCXJUST DANCE 2015 DLCBoom Clap
29%
Ellie GouldingJUST DANCE 2015Burn
29%
DNCEJUST DANCE 2017Cake by the Ocean
29%
AnjaJUST DANCE 4Crazy Little Thing
29%
ABBAJUST DANCE 2018 UNLIMITEDDancing Queen
29%
Ke$haJUST DANCE 4 DLCDie Young
29%
QueenJUST DANCE 2017Don't Stop Me Now
29%
Madcon ft. Ray DaltonJUST DANCE 2017 UNLIMITEDDon't Worry
29%
Lipps. IncJUST DANCE 2Funky Town
29%
The Black Eyed PeasJUST DANCE 2016Good Feeling
29%
Flo RidaJUST DANCE 4Good Feeling
29%
Jack & JackJUST DANCE 2017Groove
29%
BlondieJUST DANCE 1Heart of Glass
29%
The Chemical BrothersJUST DANCE 3Hey Boy, Hey Girl
29%
Shakira Ft. Wyclef JeanJUST DANCE 2017Hips Don't Lie
29%
Donna SummerJUST DANCE 2Hot Stuff
29%
Pointer SistersJUST DANCE 3I'm So Excited
29%
The Weather GirlsJUST DANCE 2It's Raining Men
29%
Santa ClonesJUST DANCE 2017Last Christmas
29%
Ricky MartinJUST DANCE 4Livin' La Vida Loca
29%
Selena GomezJUST DANCE 4Love You Like a Love Song
29%
Mayra VeronicaJUST DANCE 2019Mamma Mia
29%
Maroon 5JUST DANCE 2015Maps
29%
Alexandra StanJUST DANCE 4Mr. Saxobeat
29%
Sean Paul ft. Dua LipaJUST DANCE 2018 UNLIMITEDNo Lie
29%
Marina and the DiamondsJUST DANCE 4Oh No!
29%
Jennifer Lopez ft. PitbullJUST DANCE 4On The Floor
29%
RihannaJUST DANCE 2 DLCPon de Replay
29%
Hatsune MikuJUST DANCE 2017PoPiPo
29%
Nicki MinajJUST DANCE 2014Pound the Alarm
29%
Marina and the DiamondsJUST DANCE 4 DLCPrimadonna
29%
Nelly Furtado ft. TimbalandJUST DANCE 3Promiscuous
29%
Anita WardJUST DANCE 1Ring My Bell
29%
Clean Bandit ft Sean Paul & Anne-MarieJUST DANCE 2018Rockabye
29%
Avril LavigneJUST DANCE 2014 DLCRock n Roll
29%
Equinox StarsJUST DANCE 2017September
29%
Earth, Wind & Fire (Equinox Stars)JUST DANCE 2016September
29%
LMFAOJUST DANCE 2014 DLCSexy and I Know It
29%
Ariana Grande ft. Nicki MinajJUST DANCE 2018Side to Side
29%
Justin BieberJUST DANCE 2017Sorry
29%
P!nkJUST DANCE 4So What
29%
New Kids on the BlockJUST DANCE 1Step by Step
29%
Katy Perry ft. Nicki MinajJUST DANCE 2018Swish Swish
29%
will.i.am ft. Justin BieberJUST DANCE 2014#thatPOWER
29%
Snap!JUST DANCE 2The Power
29%
Ariana Grande ft. Mac MillerJUST DANCE 2014The Way
29%
Aretha FranklinJUST DANCE 3Think
29%
Sia ft. David GuettaJUST DANCE 2017Titanium
29%
Wham!JUST DANCE 2Wake Me Up Before You Go-Go
29%
One DirectionJUST DANCE 4What Makes You Beautiful
29%
Gwen StefaniJUST DANCE 3What You Waiting For
29%
The Pussycat DollsJUST DANCE 2When I Grow Up
29%
RihannaJUST DANCE 2014Where Have You Been
29%
Baha MenJUST DANCE 1Who Let the Dogs Out?
29%
Britney SpearsJUST DANCE 2019Work Work
29%
Bollywood SantaJUST DANCE 2015XMas Tree
29%
Vampire WeekendJUST DANCE 2A-Punk
25%
Justin Bieber ft. Nicki MinajJUST DANCE 4Beauty and a Beat
25%
The WeekndJUST DANCE 2017Can't Feel My Face
25%
TalJUST DANCE 2014Danse
25%
O-ZoneJUST DANCE 2017Dragostea Din Tei
25%
Pitbull ft. Christina AguileraJUST DANCE 2014Feel This Moment
25%
PSYJUST DANCE 2014Gentlemen
25%
ABBA ()JUST DANCE 2014Gimme! Gimme! Gimme! (A Man After Midnight)
25%
BlurJUST DANCE 1Girls & Boys
25%
David Guetta ft. Nicki Minaj, Bebe Rexha & AfrojackJUST DANCE 2016Hey Mama
25%
Bonnie TylerJUST DANCE 2015Holding Out For A Hero
25%
Scissor SistersJUST DANCE 3I Don't Feel Like Dancin'
25%
The Beach BoysJUST DANCE 1I Get Around
25%
Katy PerryJUST DANCE 2014I Kissed a Girl
25%
Reel 2 RealJUST DANCE 1I Like to Move It
25%
Ariana GrandeJUST DANCE 2017Into You
25%
The Jackson 5JUST DANCE 2I Want You Back
25%
CaesarsJUST DANCE 1Jerk It Out
25%
Major Lazer ft. MØ and DJ SnakeJUST DANCE 2017Lean On
25%
Ellie GouldingJUST DANCE 2016Lights
25%
Iggy PopJUST DANCE 1Louie Louie
25%
John NewmanJUST DANCE 2015Love Me Again
25%
Los Del Rio (The Girly Team)JUST DANCE 2015Macarena
25%
Nelly FurtadoJUST DANCE 4Maneater
25%
Rita MitsoukoJUST DANCE 3Marcia Baila
25%
Dee Dee SharpJUST DANCE 1Mashed Potato Time
25%
Meghan TrainorJUST DANCE 2017 UNLIMITEDMe Too
25%
J Balvin & Willy WilliamJUST DANCE 2018 UNLIMITEDMi Gente
25%
PSYJUST DANCE 2018New Face
25%
Sentai ExpressJUST DANCE 2014Nitro Bot
25%
StromaeJUST DANCE 2015 DLCPapaoutai
25%
Disney's AladdinJUST DANCE 2014Prince Ali
25%
Ike Turner & Tina TurnerJUST DANCE 2Proud Mary
25%
Kat DeLuna ft. Busta RhymesJUST DANCE 4Run The Show
25%
Lena Meyer-LandrutJUST DANCE 3Satellite
25%
will.i.am ft. Britney SpearsJUST DANCE 2017Scream & Shout
25%
Sental ExpressJUST DANCE 3Spectronizer
25%
The TrashmenJUST DANCE 1Surfin' Bird
25%
Dancing Bros.JUST DANCE 2015Tetris
25%
Bruno MarsJUST DANCE 4 DLCThe Lazy Song
25%
Danny ElfmanJUST DANCE 3This Is Halloween
25%
Katy PerryJUST DANCE 2016This Is How We Do
25%
MC HammerJUST DANCE 1U Can't Touch This
25%
Disney's The Little MermaidJUST DANCE 2016Under The Sea
25%
BananaramaJUST DANCE 3Venus
25%
Katy PerryJUST DANCE 2014 DLCWaking Up in Vegas
25%
Ke$haJUST DANCE 4 DLCWe R Who We R
25%
The Village PeopleJUST DANCE 2014Y.M.C.A.
25%
Bruno MarsJUST DANCE 201824K Magic
21%
Miley CyrusJUST DANCE 20154x4
21%
AviciiJUST DANCE 2015Addicted To You
21%
Zara LarssonJUST DANCE 2017 UNLIMITEDAin't My Fault
21%
SupergrassJUST DANCE 2Alright
21%
Lenny KravitzJUST DANCE 3Are You Gonna Go My Way
21%
Enrique Iglesias ft. Descemer Bueno and Gente de ZonaJUST DANCE 2015Bailando
21%
Duck SauceJUST DANCE 3Barbara Streisand
21%
Mika ()JUST DANCE 2Big Girl (You Are Beautiful)
21%
Calvin Harris ft. John NewmanJUST DANCE 2016Blame
21%
Earth, Wind, & FireJUST DANCE 3Boogie Wonderland
21%
EmmaJUST DANCE 4Cercavo Amore
21%
Wanko Ni Mero MeroJUST DANCE 2016Chiwawa
21%
Britney SpearsJUST DANCE 2016Circus
21%
Demi LovatoJUST DANCE 2016Cool For The Summer
21%
JamiroquaiJUST DANCE 2Cosmic Girl
21%
Santa ClonesJUST DANCE 2 DLCCrazy Christmas
21%
QueenJUST DANCE 3Crazy Little Thing Called Love
21%
Army of LoversJUST DANCE 4Crucified
21%
El Chombo ft. Cutty RanksJUST DANCE 2018 UNLIMITEDDame Tu Cosita
21%
AnjaJUST DANCE 3Dance All Nite
21%
Luis Fonsi & Daddy YankeeJUST DANCE 2018Despacito
21%
The Chainsmokers ft. DayaJUST DANCE 2017 UNLIMITEDDon't Let Me Down
21%
Maroon 5JUST DANCE 2017Don't Wanna Know
21%
MalumaJUST DANCE 2017El Tiki
21%
Irene Cara (The Girly Team)JUST DANCE 2014Flashdance... What A Feeling
21%
The B-52'sJUST DANCE 1Funplex
21%
Laura Bell Bundy ()JUST DANCE 3Giddy on Up (Giddy on Out)
21%
Deee-LiteJUST DANCE 1Groove Is in the Heart
21%
Hatsune MikuJUST DANCE 2016Ievan Polkka
21%
Donna SummerJUST DANCE 3I Feel Love
21%
Mardi GrasJUST DANCE 2Iko Iko
21%
The Blackout All-StarsJUST DANCE 4I Like It
21%
Elvis PresleyJUST DANCE 4Jailhouse Rock
21%
Lady GagaJUST DANCE 2018John Wayne
21%
Kris KrossJUST DANCE 2Jump
21%
Robin SparklesJUST DANCE 3Let's Go to the Mall
21%
Daddy YankeeJUST DANCE 2014Limbo
21%
The Presidents of the United States of AmericaJUST DANCE 1Lump
21%
Sergio Mendes ft. The Black Eyed PeasJUST DANCE 4Mas Que Nada
21%
Push Baby [Rixton]JUST DANCE 2015Me And My Broken Heart
21%
SEREBRO (Hit The Electro Beat)JUST DANCE 2019Mi Mi Mi
21%
Bobby PicketJUST DANCE 2Monster Mash
21%
Junior SeniorJUST DANCE 2Move Your Feet
21%
MadnessJUST DANCE 3Night Boat to Cairo
21%
Panic! At The DiscoJUST DANCE 2 DLCNine in the Afternoon
21%
One DirectionJUST DANCE 2016No Control
21%
2 UnlimitedJUST DANCE 3No Limit
21%
One DirectionJUST DANCE 4 DLCOne Thing
21%
TechnotronicJUST DANCE 1Pump Up The Jam
21%
Gwen Stefani ft. EveJUST DANCE 2014Rich Girl
21%
Capital CitiesJUST DANCE 2014Safe and Sound
21%
Benny BenassiJUST DANCE 2Satisfaction
21%
Daddy YankeeJUST DANCE 2019Shaky Shaky
21%
5 Seconds of SummerJUST DANCE 2015She Looks So Perfect
21%
Spice GirlsJUST DANCE 2 DLCSpice Up Your Life
21%
Stevie WonderJUST DANCE 4Superstition
21%
Daya LuzJUST DANCE 2017Te Dominar
21%
The Ting TingsJUST DANCE 2That's Not My Name
21%
KC and the Sunshine Band ()JUST DANCE 1That's the Way (I Like It)
21%
EuropeJUST DANCE 4The Final Countdown
21%
Cast of the Rocky Horror Picture ShowJUST DANCE 4Time Warp
21%
Elvis PresleyJUST DANCE 2Viva Las Vegas
21%
The BanglesJUST DANCE 2Walk Like an Egyptian
21%
Cher Lloyd ft. AstroJUST DANCE 4 DLCWant U Back
21%
Miley CyrusJUST DANCE 2015 DLCWe Can't Stop
21%
Maroon 5 ft. SZAJUST DANCE 2018 UNLIMITEDWhat Lovers Do
21%
Fifth Harmony ft. Kid InkJUST DANCE 2017Worth It
21%
The Just Dance BandJUST DANCE 2018All You Gotta Do
17%
Estelle ft. Kanye WestJUST DANCE 2 DLCAmerican Boy
17%
QueenJUST DANCE 2018Another One Bites The Dust
17%
The Sugarhill Gang ()JUST DANCE 3Apache (Jump on It)
17%
JamiroquaiJUST DANCE 2018Automaton
17%
ReggaetonJUST DANCE 2Baby Girl
17%
Selena GomezJUST DANCE 2018Bad Liar
17%
LilDeuceDeuce ft Black Gryph0n & TomSkaJUST DANCE 2018Beep Beep I'm A Sheep
17%
Dua Lipa ()JUST DANCE 2018Blow Your Mind (Mwah)
17%
The Beastie BoysJUST DANCE 2Body Movin'
17%
Iggy Azalea ft. ZeddJUST DANCE 2018Boom Boom
17%
Becky GJUST DANCE 2015Built For This
17%
Robbie WillamsJUST DANCE 2014Candy
17%
Macklemore & Ryan Lewis ft. Ray DaltonJUST DANCE 2014 DLCCan't Hold Us
17%
OMIJUST DANCE 2016 UNLIMITEDCheerleader
17%
INNA ft. J BalvinJUST DANCE 2017Cola Song
17%
SorcererJUST DANCE 2Dagomba
17%
Bobby McFerrin (The Bench Men)JUST DANCE 2015Don't Worry Be Happy
17%
The Blues BrothersJUST DANCE 4Everybody Needs Somebody to Love
17%
Portugal, The ManJUST DANCE 2018 UNLIMITEDFeel It Still
17%
Cee Lo GreenJUST DANCE 3Forget You
17%
P!nkJUST DANCE 4 DLCFunhouse
17%
Dillon Francis & DJ SnakeJUST DANCE 2015Get Low
17%
Ray Parker Jr.JUST DANCE 2014Ghostbusters
17%
MAXJUST DANCE 2016Gibberish
17%
Sweat Invaders ()JUST DANCE 3Gonna Make You Sweat (Everybody Dance Now)
17%
Fitz & the TantrumsJUST DANCE 2017 UNLIMITEDHandClap
17%
Kelly ClarksonJUST DANCE 2016Heartbeat Song
17%
GossipJUST DANCE 4 DLCHeavy Cross
17%
Disney's MoanaJUST DANCE 2018How Far I'll Go
17%
DigitalismJUST DANCE 2Idealistic
17%
Elton John (Top Culture)JUST DANCE 2019I'm Still Standing
17%
KissJUST DANCE 3I Was Made For Lovin' You
17%
A R Rahman & the Pussycat Dolls (ft. Nicole Scherzinger) ()JUST DANCE 2Jai Ho! (You Are My Destiny)
17%
KonshensJUST DANCE 3Jamaican Dance
17%
Babatunde OlatunjiJUST DANCE 1Jin-Go-Lo-Ba
17%
Harry BelafonteJUST DANCE 2Jump in the Line
17%
Kool & the GangJUST DANCE 2Jungle Boogie
17%
Nikki YanofskyJUST DANCE 2016Kaboom Pow
17%
DNCE ft. Nicki MinajJUST DANCE 2018Kissing Strangers
17%
One DirectionJUST DANCE 2014Kiss You
17%
DJ Snake ft. Justin BieberJUST DANCE 2017 UNLIMITEDLet Me Love You
17%
Michael Sembello (Studio Allstars)JUST DANCE 2 DLCManiac
17%
Tatum Quinn [Sammie]JUST DANCE 2014Miss Understood
17%
BeyonceJUST DANCE 2018Naughty Girl
17%
Wanko Ni Mero MeroJUST DANCE 2017Oishii Oishii
17%
African LadiesJUST DANCE 3Pata Pata
17%
Dyro & DannicJUST DANCE 2017Radical
17%
Fatboy SlimJUST DANCE 2Rockafeller Skank
17%
The B-52'sJUST DANCE 4Rock Lobster
17%
Selena GomezJUST DANCE 2016Same Old Love
17%
Fleur EastJUST DANCE 2018 UNLIMITEDSax
17%
Wanko Ni Mero MeroJUST DANCE 2018Sayonara
17%
Beyonce ()JUST DANCE 2017Single Ladies (Put A Ring On It)
17%
Britney Spears ft. TinasheJUST DANCE 2018Slumber Party
17%
The Girly TeamJUST DANCE 4 DLCSo Glamorous
17%
Robbie Willams and Nicole KidmanJUST DANCE 3Somethin' Stupid
17%
BlurJUST DANCE 2 DLCSong 2
17%
DEMOJUST DANCE 2018 UNLIMITEDSun
17%
The Rolling StonesJUST DANCE 2Sympathy for the Devil
17%
Franz FerdinandJUST DANCE 2Take Me Out
17%
Ylvis ()JUST DANCE 2015The Fox (What Does The Fox Say?)
17%
SiaJUST DANCE 2017 UNLIMITEDThe Greatest
17%
Jason DeruloJUST DANCE 2014The Other Side
17%
Nancy Sinatra (The Girly Team)JUST DANCE 2016These Boots Are Made For Walking
17%
Janelle MonaeJUST DANCE 3Tightrope
17%
2 UnlimitedJUST DANCE 4Tribal Dance
17%
The BugglesJUST DANCE 3Video Killed the Radio Star
17%
Run-DMC & AerosmithJUST DANCE 2015Walk This Way
17%
Ultraclub 90JUST DANCE 2017What Is Love
17%
Lady Leshurr ft. WileyJUST DANCE 2019Where Are You Now?
17%
Will SmithJUST DANCE 4Wild Wild West
17%
John Travolta & Olivia Newton-John, from the movie GreaseJUST DANCE 2016You're the One that I Want
17%
Dead or Alive ()JUST DANCE 2015You Spin Me Round (Like A Record)
17%
Nena (Rutschen Planeten)JUST DANCE 201499 Luftballons
13%
Martin Gaye & Tammi TerrellJUST DANCE 2015Ain't No Mountain High Enough
13%
Christina Aguilera (The Girly Team)JUST DANCE 4 DLCAin't No Other Man
13%
Fedez ft. ElioJUST DANCE 2014Alfonso Signorini
13%
The 5th Dimension (The Sunlight Shakers) ()JUST DANCE 2014Aquarius (Let The Sunshine In)
13%
AnjaJUST DANCE 3 DLCBaby Don't Stop Now
13%
Meghan TrainorJUST DANCE 2016 UNLIMITEDBetter When I'm Dancin'
13%
Era IstrefiJUST DANCE 2017BonBon
13%
SteppenwolfJUST DANCE 2 DLCBorn To Be Wild
13%
HyunAJUST DANCE 2018Bubble Pop
13%
Boys Town GangJUST DANCE 4Can't Take My Eyes Off of You
13%
Barry Manilow (Frankie Bostello)JUST DANCE 2016Copacabana
13%
RednexJUST DANCE 1Cotton Eyed Joe
13%
Bob MarleyJUST DANCE 2014Could You Be Loved
13%
Headhunterz & KSHMRJUST DANCE 2018Dharma
13%
Swedish House Mafia ft. John MartinJUST DANCE 2014 DLCDon't You Worry Child
13%
Natalia NykielJUST DANCE 2018 UNLIMITEDError
13%
Michelle DelamorJUST DANCE 2019Fire on the Dancefloor
13%
Top CultureJUST DANCE 2018Footloose
13%
Jason DeruloJUST DANCE 2016 UNLIMITEDGet Ugly
13%
Carrie UnderwoodJUST DANCE 4 DLCGood Girl
13%
Ray CharlesJUST DANCE 2016Hit The Road Jack
13%
James Brown ()JUST DANCE 2I Got You (I Feel Good)
13%
Jennifer Lopez ft. French MontanaJUST DANCE 2015 DLCI Luh Ya Papi
13%
AronChupaJUST DANCE 2016I'm an Albatraoz
13%
Calvin Harris ft. Ellie GouldingJUST DANCE 2014 DLCI Need Your Love
13%
Mungo JerryJUST DANCE 2014In The Summertime
13%
will.i.am ft. Cody WiseJUST DANCE 2015It's My Birthday
13%
Duck SauceJUST DANCE 2014It's You
13%
Girls Aloud ()JUST DANCE 3Jump (For My Love)
13%
Disney's ViolettaJUST DANCE 2016Junto A Ti
13%
BollywoodJUST DANCE 2Katti Kalandal
13%
Bollywood RainbowJUST DANCE 3Kurio Ko Uddah Le Jana
13%
Carlos Vives & ShakiraJUST DANCE 2017La Bicicleta
13%
Wilson PickettJUST DANCE 3Land of 1000 Dances
13%
ZaynJUST DANCE 2017Like I Would
13%
Jack Jones (Frankie Bostello)JUST DANCE 2014Love Boat
13%
Roger Glover & The Butterfly Ball (The Sunlight Shakers)JUST DANCE 2015Love Is All
13%
Hatsune MikuJUST DANCE 2018Love Ward
13%
The Muppets (Frankie Bostello)JUST DANCE 2015Mahna Mahna
13%
Ricky MartinJUST DANCE 2014Maria
13%
Dschinghis Khan (Dancing Bros.)JUST DANCE 2014Moskau
13%
CharlestonJUST DANCE 2Mugsy Baloney
13%
Gloria GaynorJUST DANCE 2015Never Can Say Goodbye
13%
Cher Lloyd ft. Becky GJUST DANCE 4 DLCOath
13%
Gigi RoweJUST DANCE 2017Run The Night
13%
Tommy SparksJUST DANCE 3She's Got Me Dancing
13%
Sia ft. David Guetta ()JUST DANCE 2014She Wolf (Falling to Pieces)
13%
Walk The MoonJUST DANCE 2016 UNLIMITEDShut Up and Dance
13%
Marine BandJUST DANCE 2Sway
13%
Nick JonasJUST DANCE 2016Teacher
13%
Olly Murs ft. Flo RidaJUST DANCE 2014Troublemaker
13%
The Girly TeamJUST DANCE 3 DLCTwist and Shake It
13%
Silentó ()JUST DANCE 2017Watch Me (Whip/Nae Nae)
13%
Jermaine Jackson and Pia ZadoraJUST DANCE 2016When The Rain Begins To Fall
13%
Jordan FisherJUST DANCE 2017All About Us
8%
Bonnie McKeeJUST DANCE 2014 DLCAmerican Girl
8%
Nico & VinzJUST DANCE 2016 UNLIMITEDAm I Wrong
8%
Deorro ft. Elvis CrespoJUST DANCE 2017Bailar
8%
Panjabi MC ()JUST DANCE 4Beware of the Boys (Mundian to Bach Ke)
8%
The JacksonJUST DANCE 2014Blame It on the Boogie
8%
Sabrina Salerno (The Lemon Cubes) ()JUST DANCE 2016Boys (Summertime Love
8%
Becky G ft. PitbullJUST DANCE 2014 DLCCan't Get Enough
8%
Dexy's Midnight RunnersJUST DANCE 2 DLCCome On Eileen
8%
V V BrownJUST DANCE 2 DLCCrying Blood
8%
Groove CenturyJUST DANCE 2018Daddy Cool
8%
Ivete SangoloJUST DANCE 2014Dancando
8%
Stephanie HeinzmannJUST DANCE 4Diggin' In The Dirt
8%
Sylvain Lux & Ilan Abou (Cheb Salama)JUST DANCE 2015Fatima
8%
Imposs ft. KonshensJUST DANCE 2014Feel So Right
8%
Chris BrownJUST DANCE 2014Fine China
8%
Wisin & Yandel ft. Jennifer LopezJUST DANCE 2014Follow The Leader
8%
Paul J. Borg (The World Cup Girls)JUST DANCE 2 DLCFutebol Crazy
8%
DJ FreshJUST DANCE 4 DLCGold Dust
8%
Blu Cantrell ()JUST DANCE 4Hit 'em Up Style (Oops!)
8%
Selena Gomez & the SceneJUST DANCE 4 DLCHit The Lights
8%
A.K.A.JUST DANCE 4Hot For Me
8%
Calvin Harris & DisciplesJUST DANCE 2017 UNLIMITEDHow Deep Is Your Love
8%
Vremya i StekloJUST DANCE 2017 UNLIMITEDImya 505
8%
Jax Jones ft Demi Lovato & Stefflon DonJUST DANCE 2018Instructions
8%
Bog Bog OrkestarJUST DANCE 2014Isidora
8%
They Might Not Be GiantsJUST DANCE 4Istanbul
8%
Bill Medley and Jennifer Warnes ()JUST DANCE 4(I've Had) The Time of My Life
8%
Jason DeruloJUST DANCE 2016I Want To Want Me
8%
Ole OrchestraJUST DANCE 3 DLCJambo Mambo
8%
Andy RaconteJUST DANCE 2018 UNLIMITEDJ'suis pas jalouse
8%
Louis PrimaJUST DANCE 2014Just A Gigolo
8%
Glorious Black BeltsJUST DANCE 2016Kool Kontact
8%
Cheb SalamaJUST DANCE 2017Leila
8%
AronChupa Ft. Little Sis NoraJUST DANCE 2017Little Swing
8%
Bunny Beatz ()JUST DANCE 4Make the Party (Don't Stop)
8%
Avishay Goren and Yossi Cohen ()JUST DANCE 2015 DLCMovement is Happiness (Find Your Thing)
8%
The Platters (Love Letter) ()JUST DANCE 2015Only You (And You Alone)
8%
M/A/R/R/SJUST DANCE 2 DLCPump Up The Volume
8%
Corona (Ultraclub 90)JUST DANCE 2019Rhythm of the Night
8%
Jorge BlancoJUST DANCE 2018Risky Business
8%
IOWAJUST DANCE 2016 UNLIMITEDSmile
8%
SammyJUST DANCE 4Some Catchin' Up To Do
8%
Groove CenturyJUST DANCE 3 DLCSoul Searching
8%
David Hess (Los Pimientos Locos)JUST DANCE 2015Speedy Gonzales
8%
Prince RoyceJUST DANCE 2016Stuck on a Feeling
8%
Avicii vs. Conrad SewellJUST DANCE 2016 UNLIMITEDTaste the Feeling
8%
Darius Dante Van DijkJUST DANCE 2016The Choice Is Yours
8%
Cher ()JUST DANCE 2The Shoop Shoop Song (It's In His Kiss)
8%
The Frankie Bostello OrchestraJUST DANCE 2017Tico-Tico no Fuba
8%
Austin MahoneJUST DANCE 2015 DLCTill I Find You
8%
Yemi AladeJUST DANCE 2018Tumbum
8%
Far East Movement ft. Cover DriveJUST DANCE 2014Turn Up the Love
8%
Shakira ()JUST DANCE 2018Waka Waka (This Time For Africa)
8%
Yolanda Be Cool and DCUPJUST DANCE 4We No Speak Americano
8%
OneRepublicJUST DANCE 2017Wherever I Go
8%
Love LetterJUST DANCE 2 DLCWhy Oh Why
8%
RossiniJUST DANCE 2016William Tell Overture
8%
Cobra Starship ft. SabiJUST DANCE 4 DLCYou Make Me Feel...
8%
Imposs ft. J. PerryJUST DANCE 2015You're On My Mind
8%
Barry WhiteJUST DANCE 4You're the First, the Last, My Everything
8%
Troye SivanJUST DANCE 2017 UNLIMITEDYOUTH
8%
Dr. CreoleJUST DANCE 3Baby Zouk
4%
Sweat InvadersJUST DANCE 3 DLCBeat Match Until I'm Blue
4%
Hit The Electro Beat ()JUST DANCE 2018Blue (Da Ba Dee)
4%
Sweat InvadersJUST DANCE 3 DLCBoomsday
4%
Latino SunsetJUST DANCE 2017Carnaval Boom
4%
A Band of BeesJUST DANCE 2 DLCChicken Payback
4%
Spencer LudwigJUST DANCE 2018Diggy
4%
The Reverend Horatio Duncan and Amos SweetJUST DANCE 2 DLCDown By The Riverside
4%
Diva CarminaJUST DANCE 2016Drop the Mambo
4%
Sweat InvadersJUST DANCE 3 DLCDun n Dusted
4%
The Bouzouki'sJUST DANCE 2015Epic Sirtaki
4%
LightsJUST DANCE 2018Fight Club
4%
Gigi RoweJUST DANCE 2018Got That
4%
Buraka Som Sistema ()JUST DANCE 2016Hangover (BaBaBa)
4%
Jess GlynneJUST DANCE 2016 UNLIMITEDHold My Hand
4%
From the Movie, Happy New YearJUST DANCE 2015 DLCIndia Waale
4%
Dancing. BrosJUST DANCE 2018In The Hall of the Pixel King
4%
O'Callaghan’s OrchestraJUST DANCE 2016Irish Meadow Dance
4%
Tom JonesJUST DANCE 2 DLCIt's Not Unusual
4%
The Sunlight ShakersJUST DANCE 2018Itsy Bitsy Teeny Weeny
4%
Zay Hilfigerrr & Zayion McCallJUST DANCE 2017 UNLIMITEDJuju on That Beat
4%
Ubisoft Meets NintendoJUST DANCE 3 DLCJust Mario
4%
Prince RoyceJUST DANCE 2015 DLCKiss Kiss
4%
Carl DouglasJUST DANCE 2 DLCKung Fu Fighting
4%
Latino SunsetJUST DANCE 3Mamasita
4%
Lou Bega ()JUST DANCE 2 DLCMambo No. 5 (A Little Bit of Monika)
4%
M PeopleJUST DANCE 2 DLCMoving on Up
4%
MainStreetJUST DANCE 2014 DLCMy Main Girl
4%
WeekendJUST DANCE 2017 UNLIMITEDOna tanczy dla mnie
4%
One Direction ()JUST DANCE 2014 DLCOne Way or Another (Teenage Kicks)
4%
Shakira ft. El CataJUST DANCE 2016Rabiosa
4%
Skrillex ()JUST DANCE 4Rock N' Roll (Will Take You to the Mountain)
4%
The ClashJUST DANCE 2Should I Stay or Should I Go Now
4%
Sweat InvadersJUST DANCE 3 DLCSkin-to-Skin
4%
Sweat InvadersJUST DANCE 2 DLCSkin-to-Skin
4%
Quincy Jones and His OrchestraJUST DANCE 2Soul Bassa Nova
4%
ImpossJUST DANCE 2016Stadium Flow
4%
Inspector MarceauJUST DANCE 3The Master Blaster
4%
Bebe Rexha ft. Lil Wayne ()JUST DANCE 2018The Way I Are (Dance With Somebody)
4%
David Correy ft. MonoblocoJUST DANCE 2014 DLCThe World is Ours
4%
Austin MahoneJUST DANCE 2014 DLCWhat About Love
4%
The SupremesJUST DANCE 2 DLCYou Can't Hurry Love
4%
Angry BirdsJUST DANCE 2016Balkian Blast Remix
0%
Sweat InvadersJUST DANCE 3 DLCCardiac Caress
0%
Just Dance Orchestra ()JUST DANCE 2018Carmen (Overture)
0%
Shakira ft. MalumaJUST DANCE 2018Chantale
0%
Halloween ThrillsJUST DANCE 2017Ghost of the Keys
0%
Ini Kamoze (The Hit Crew)JUST DANCE 2 DLCHere Comes The Hotstepper
0%
Johannes BrahmsJUST DANCE 3Hungarian Dance No. 5
0%
Fast Forward HighwayJUST DANCE 2017I Love Rock N Rock
0%
NatooJUST DANCE 2017 UNLIMITEDJe Suis Pas Danser
0%
Big FreediaJUST DANCE 2018Make It Jiggle
0%
Sweat InvadersJUST DANCE 3 DLCMerengue
0%
Nick Phoenix and Thomas J. BergersenJUST DANCE 2 DLCProfessor Pumperstickle
0%
Chuck Berry |A. Caveman & The Backseats|JUST DANCE 2016You Can Never Tell
0%

Score Distribution

Percentile by Number Answered

Percent of People with Each Score

Your Score History

You have not taken this quiz